POR DIOS Y POR LA PATRIA : (Registro nro. 43426)
[ vista simple ]
| 000 -LEADER | |
|---|---|
| fixed length control field | 00564nam a2200181 a 4500 |
| 001 - CONTROL NUMBER | |
| control field | 43426 |
| 005 - DATE AND TIME OF LATEST TRANSACTION | |
| control field | 20180714021940.0 |
| 008 - FIXED-LENGTH DATA ELEMENTS--GENERAL INFORMATION | |
| fixed length control field | 140415s1980 000 0 spa d |
| 041 ## - LANGUAGE CODE | |
| Language code of text/sound track or separate title | spa |
| 082 ## - DEWEY DECIMAL CLASSIFICATION NUMBER | |
| Classification number | 972.0622 |
| Item number | NAV |
| 100 1# - MAIN ENTRY--PERSONAL NAME | |
| Personal name | NAVARRETE, HERIBERTO |
| 245 10 - TITLE STATEMENT | |
| Title | POR DIOS Y POR LA PATRIA : |
| Remainder of title | MEMORIAS DE MI PARTICIPACION EN LA DEFENSA DE LA LIBER... |
| 250 ## - EDITION STATEMENT | |
| Edition statement | 4a ed. |
| 260 ## - PUBLICATION, DISTRIBUTION, ETC. | |
| Place of publication, distribution, etc. | [s.l.] : |
| Name of publisher, distributor, etc. | TRADICION, |
| Date of publication, distribution, etc. | 1980 |
| 300 ## - PHYSICAL DESCRIPTION | |
| Extent | 272 |
| 490 ## - SERIES STATEMENT | |
| Series statement | EPISODIOS NACIONALES MEXICANOS |
| 650 14 - SUBJECT ADDED ENTRY--TOPICAL TERM | |
| Topical term or geographic name entry element | MEXICO |
| General subdivision | HISTORIA |
| -- | CONFLICTO RELIGIOSO, 1926 |
| -- | 1929 |
| Withdrawn status | Lost status | Source of classification or shelving scheme | Damaged status | Not for loan | Collection code | Home library | Current library | Shelving location | Date acquired | Source of acquisition | Total Checkouts | Full call number | Barcode | Checked out | Date last seen | Date last checked out | Price effective from | Koha item type |
|---|---|---|---|---|---|---|---|---|---|---|---|---|---|---|---|---|---|---|
| Dewey Decimal Classification | General | Biblioteca Karol Wojtyla | Biblioteca Karol Wojtyla | Sala general | 03/12/2013 | Compra | 1 | 972.0622 NAV | 6529 | 11/11/2013 | 11/11/2013 | 11/11/2013 | 03/12/2013 | Libro |